000 00691nam a22002177a 4500
005 20230920125255.0
010 _aENG-138200
020 _a9788181714572
_c790.00
035 _aEN-121732
037 _bDBAD/PUB
082 _a593.4095436
100 _aRaghunathan, C.
_957095
245 _aSponges of Andaman and Nicobar Islands /
_cBy C. Raghunathan...[et.al]
260 _aKolkata
_bZoological Survey of India
_c2017
270 _aM- Block, New Alipore
_bKolkata
_e700053
300 _a112 p.
_c24cm(pbk)
700 _aImmanuel, Titus
_eAuthor
_956915
700 _aRaghuraman, R.
_957096
700 _aVenkataraman, K.
_957097
942 _2ddc
_cEN
_h593.4095436
_mRAG
999 _c198449
_d198449